Geografia e modernidade
Guardat en:
| Autor principal: | |
|---|---|
| Format: | Llibre |
| Idioma: | espanyol portuguès |
| Publicat: |
Río de Janeiro
Bertrand
2014
|
| Edició: | 11a. ed |
| Matèries: | |
| Etiquetes: |
Afegir etiqueta
Sense etiquetes, Sigues el primer a etiquetar aquest registre!
|
MARC
| LEADER | 00000cam a2200000 a 4500 | ||
|---|---|---|---|
| 001 | UCC4884 | ||
| 003 | CL-VaPUC | ||
| 008 | 180831e20140000bl |||||||||||||||||spa|d | ||
| 020 | |a 9788528605464 | ||
| 041 | 0 | 7 | |a spa |2 CL-VaPUC |
| 041 | 0 | 7 | |a por |2 CL-VaPUC |
| 082 | 0 | 4 | |a 910.01 |b GOM |2 21 |
| 100 | |a Gomes, Paulo Cesar da Costa |e author |9 599183 | ||
| 245 | 1 | 0 | |a Geografia e modernidade |
| 250 | |a 11a. ed | ||
| 300 | |a 366 p | ||
| 942 | |c BK | ||
| 945 | |d 20180831 12:04:00 |a dcastane | ||
| 260 | |a Río de Janeiro |b Bertrand |c 2014 | ||
| 650 | 0 | |a Geografía |9 259346 | |
| 650 | 0 | |a Filosofía de las ciencias |9 256466 | |
| 583 | |a last modification |c 20180831 12:04:00 |k Rodrigo Vera | ||
| 999 | |c 372269 |d 372267 | ||
| 952 | |0 0 |1 0 |3 erb |4 0 |6 910_010000000000000_GOM_2014 |7 0 |8 A |9 489612 |a BIBING |b BIBING |i 5494230 |o 910.01 GOM 2014 |p 5494230 |r 2025-01-20 |w 2019-11-24 |y BK |z Catalogado en:20180831 |k GEO | ||